| 000 | 00891nam a2200289 a 4500 | ||
|---|---|---|---|
| 001 | 4726149 | ||
| 003 | ARRUPE | ||
| 005 | 20160323153100.0 | ||
| 008 | 831011s1983 sz a 000 0 eng | ||
| 010 | _a 83212222 | ||
| 020 | _a2825407577 | ||
| 040 |
_aDLC _cDLC _dDLC |
||
| 041 | 1 | _aengpor | |
| 050 | 0 | 0 |
_aPQ9698.13.L325 _bE713 1983 |
| 082 | 0 | 0 |
_a869.3 _219 |
| 100 | 0 |
_aClaudius _q(Claudius Ceccon) _923296 |
|
| 240 | 1 | 0 |
_aEra uma vez-- . _lEnglish |
| 245 | 1 | 0 |
_aOnce upon a time-- : _bpolitical fables / _cClaudius. |
| 260 |
_aGeneva : _bWorld Council of Churches, _cc1983. |
||
| 300 |
_a[104] p. : _bill. ; _c21 cm. |
||
| 440 | 4 |
_aThe Risk book series ; _vno. 17 _923297 |
|
| 500 | _aTranslation of: Era uma vez-- . | ||
| 650 | 0 |
_aFables, Brazilian. _923298 |
|
| 700 |
_aCeclon, Claudius _923396 |
||
| 906 |
_a7 _bcbc _corignew _d3 _encip _f19 _gy-gencatlg |
||
| 942 |
_2lcc _cMONOGRAPH |
||
| 999 |
_c124467 _d124467 |
||